| 000 | 03264cam a22006014i 4500 | ||
|---|---|---|---|
| 003 | PE-LiUPU | ||
| 005 | 20250731180131.0 | ||
| 008 | 150625s r 000 0 d | ||
| 020 | _a8420010375 | ||
| 035 | _a(Sirsi) i9788420010373 | ||
| 040 |
_aPE-LiUPU _bspa _cPE-LiUPU _erda |
||
| 049 | _aPRUA | ||
| 082 | 0 | 4 |
_a576.163 _bI65 _221 |
| 110 | 2 | _aInternational Commission on Microbiological Specifications for Foods | |
| 245 | 1 | 0 |
_aMicroorganismos de los alimentos 7 : _banálisis microbiológico en la gestión de la seguridad alimentaria / _cInternational Commission on Microbiological Specifications for Foods. |
| 264 | 1 |
_aZaragoza, España : _bAcribia, _c2000. |
|
| 300 |
_a367 páginas : _bilustraciones, figuras, tabls ; _c27 centímetros |
||
| 336 |
_atext _2rdacontent |
||
| 337 |
_aunmediated _2rdamedia |
||
| 338 |
_avolume _2rdacarrier |
||
| 490 | 0 |
_aMicroorganisms in Foods ; _v7 |
|
| 504 | _aIncluye referencias bibliográficas al final de cada capítulo. | ||
| 505 | 0 | _aPeligros microbiológicos y su control -- Evaluación de riesgos y establecimiento de objetivos de seguridad alimentaria -- Consecución del objetivo de seguridad alimentaria con medidas de control -- Selección y uso de criterios de aceptación -- Establicimiento de criterios microbiológicos para la aceptación de un lote -- Conceptos de probabilidad y principios del muestreo -- Planes de muestreo -- Selección de casos y planes de atributos -- Muestreos investigativos, intensivo. y reducido. | |
| 526 | _aSEG44 | ||
| 526 | _aSEG26 | ||
| 526 | _aP159 | ||
| 526 | _aP155 | ||
| 526 | _aP154 | ||
| 526 | _aP153 | ||
| 526 | _aP150 | ||
| 526 | _aP100 | ||
| 526 | _aP31 | ||
| 526 | _aP30 | ||
| 526 | _aP26 | ||
| 526 | _aP25 | ||
| 526 | _aP24 | ||
| 526 | _aP22 | ||
| 526 | _aP15 | ||
| 526 | _aP10 | ||
| 541 | _g0020-0000839; | ||
| 541 | _g001-000081; | ||
| 650 | 0 | 4 | _aMicrobiología de los alimentos. |
| 942 |
_2ddc _cBOOK |
||
| 949 |
_a576.163 I65 _wDEWEY _c1 _i56070 _d2016-8-29 _e2016-8-26 _lCCODEBUL1 _mBUL _n7 _p57.00 _r0 _sY _tBOOK _u2015-6-25 _xINGENIERIA _zUNKNOWN _0COMPRA _o.STAFF. Colección General |
||
| 949 |
_a576.163 I65 _wDEWEY _c2 _i74093 _d2016-10-11 _e2016-10-3 _lCCODEBUL1 _mBUL _n5 _p78.56 _r0 _sY _tBOOK _u2016-7-25 _xINGENIERIA _PP26 _0COMPRA _o.STAFF. Colección General |
||
| 949 |
_a576.163 I65 2000 _wDEWEY _c1 _iFJ06843 _lCCODEBUJ1 _mBUJ _p120.42 _r0 _sY _tBOOK _u2017-10-25 _xINGENIERIA _PP26 _0COMPRA _o.STAFF -- Colección General Juliaca |
||
| 994 |
_aC0 _bPEPRU |
||
| 596 | _a1 3 | ||
| 999 |
_a576.163 I65 _wDEWEY _c44898 _i56070 _d44898 _e2019-10-7 _f2021-11-9 _g7 _lCCODEBUL1 _mBUL _n15 _p57.00 _q1 _r0 _sY _tBOOK _u2015-6-25 _xINGENIERIA _zUNKNOWN _0COMPRA _o.STAFF. Colección General |
||
| 999 |
_a576.163 I65 _wDEWEY _c2 _i74093 _d2019-10-9 _e2019-10-6 _f2021-11-9 _g7 _lCCODEBUL1 _mBUL _n16 _p78.56 _q2 _r0 _sY _tBOOK _u2016-7-25 _xINGENIERIA _PP26 _0COMPRA _o.STAFF. Colección General |
||
| 999 |
_a576.163 I65 2000 _wDEWEY _c1 _iFJ06843 _d2018-5-25 _e2018-5-23 _f2022-1-25 _g3 _lCCODEBUJ1 _mBUJ _n3 _p120.42 _q1 _r0 _sY _tBOOK _u2017-2-14 _xINGENIERIA _PP26 _0COMPRA _o.STAFF. Colección General Juliaca |
||
| 980 |
_81 _gALBERTO SANCHEZ Responsable de Automatización |
||